000 00451nam a2200169Ia 4500
008 100406t2000 xxu||||| |||| 00| 0 sin d
041 _asin
080 _aX8S31
_bWIC
100 _aWickramasingha, Martin
245 _aයුගාන්තය
246 _aUganthaya ( LIB / 63 / 6 / 25 )
260 _bSrasi
_aRajagiriya
_c2000
_c2004
_c2005
300 _a246p., 21 cm
942 _cBK
999 _c74190
_d74190
003 LK-CoDNM
040 _aLK-CoDNM
_dLK-CoDNM
_eLK-CoDNM